Les tremblements de terre. Géographie séismologique. Avec une préface par M. A. de Lapparent, membre de l'Institut. 89 cartes et figures et 3 cartes hors texte

Saved in:
Bibliographic Details
Main Author: Montessus de Ballore, Fernand, Conde de (autor)
Format: Book
Language:French
Published: París Librairie Armand Colin 1906
Edition:1a. ed
Subjects:
Tags: Add Tag
No Tags, Be the first to tag this record!

MARC

LEADER 00000nam a2200000 a 4500
001 UCJ6431
003 CL-VaPUC
008 070124e19060000FR |||||||||||||||||fre|d
082 0 4 |a 551  |b MON  |2 21 
100 |a Montessus de Ballore, Fernand,  |c Conde de  |e autor  |9 513072 
245 1 4 |a Les tremblements de terre. Géographie séismologique. Avec une préface par M. A. de Lapparent, membre de l'Institut. 89 cartes et figures et 3 cartes hors texte 
250 |a 1a. ed 
300 |a v, 475 p 
942 |c BK 
945 |d 20070124 00:00:00  |a rinostro 
260 |a París  |b Librairie Armand Colin  |c 1906 
500 |a Cartas e ilustraciones conforme a lo señalado 
650 0 |a Sismología  |9 268106 
650 0 |a Geología   |9 260984 
650 7 |a TEMBLORES Y TERREMOTOS  |2 CL-VaPUC  |9 513073 
650 0 |a Mapas  |9 260844 
650 0 |a Ilustraciones  |9 369481 
583 |a last modification  |c 20070124 00:00:00  |k Rodrigo Vera 
999 |c 322536  |d 322534 
952 |0 0  |1 0  |4 0  |6 551_000000000000000_MON_1906  |7 0  |8 X  |9 401546  |a FDOBUD  |b FDOBUD  |d 2019-11-22  |i 1047833  |o 551 MON 1906  |p 1047833  |r 2019-11-22  |w 2019-11-22  |y BK_X  |k BUD